000
00230nam a2200097Ia 4500
001
795283
005
20250826170725.0
008
250824s9999 xx 000 0 und d
245
0
_a
BİTANEM
_c
CANDAN ÖZER
260
_b
PANAMA YAYINLARI
999
_c
795283
_d
795283